[Event "EU-ch 23rd"]
[Site "Vrnjacka Banja"]
[Date "2023.03.05"]
[Round "3"]
[White "Kosovic, Miroslav"]
[Black "Panic, Anastasija"]
[Result "1-0"]
[WhiteElo "2100"]
[BlackElo "1772"]
[PlyCount "71"]
[EventDate "2023.03.03"]
[EventType "swiss"]
[EventRounds "11"]
[EventCountry "SRB"]
[SourceTitle "CBM 213"]
[Source "ChessBase"]
[SourceDate "2023.04.30"]
[SourceVersion "1"]
[SourceVersionDate "2023.04.30"]
[SourceQuality "1"]

1. e4 c5 2. Nf3 e6 3. d4 cxd4 4. Nxd4 a6 5. Nc3 Qc7 6. Be2 Nf6 7. a3 b5 8. 0-0 Bb7 9. Re1 Nxe4 10. Nxe4 Bxe4 11. Bf3 Bxf3 12. Qxf3 Nc6 13. Nf5 0-0-0 14. Bf4 d6 15. Ne3 Qb7 16. c4 Nd4 17. Qd1 e5 18. cxb5 axb5 19. Nf1 Kb8 20. a4 Rc8 21. Rxe5 f6 22. Re3 Nc2 23. Rb3 Nxa1 24. Rxb5 Nc2 25. Rxb7+ Kxb7 26. Qd5+ Rc6 27. Qf7+ Rc7 28. Qb3+ Kc8 29. Qe6+ Kb7 30. h4 Be7 31. Nd2 Ra8 32. b3 Nd4 33. Qd5+ Nc6 34. Nc4 Kb8 35. Qb5+ Kc8 36. Nb6+ 1-0